| 000 | 00461nam a2200169Ia 4500 | ||
|---|---|---|---|
| 008 | 180921t2021 xxu||||| |||| 00| 1 sin d | ||
| 041 | _asin | ||
| 080 |
_aX8සි31 _bජයකො |
||
| 100 | _aජයකොඩි, සෝමා | ||
| 245 | _aමදාරා - 3 | ||
| 246 | _aMadara - 3 | ||
| 260 |
_bගොඩගේ _aකොළඹ _c2021 |
||
| 300 | _aපි.368, සෙ.මි.21 | ||
| 942 | _cBK | ||
| 999 |
_c9278 _d9278 |
||
| 003 | LK-CoDNM | ||
| 040 |
_aLK-CoDNM _dLK-CoDNM _eLK-CoDNM |
||